000 00299nam a22001217a 4500
008 230703b xxu||||| |||| 00| 0 eng d
082 _a346
_bKAT
100 _cCOM
245 _aThe Law of Business Organ izations in East and Central Africa
260 _a
_bEALB
300 _a1231p
942 _2ddc
_cBK
999 _c3519
_d3519